000 00247nam a2200097Ia 4500
001 653872
005 20250826154506.0
008 250824s9999 xx 000 0 und d
245 0 _aYALANCI ŞAHİT
_cMÜGE İPLİKÇİ
260 _bGÜNIŞIĞI YAYINLARI
999 _c653872
_d653872